00375nam a2200157Ia 45000010006000000050017000060080041000230410008000640820016000721000043000882450033001312600009001643000028001736500008002016540008002092126620260306172906.0260306t2006||||xx |||||||||||||| ||spa|| aESP a344.51bS18 aSalinas Siccha, Ramiro [1968-...]eAUT 0aDelitos contra el patrimonio c2006 a478 páginas :c23 cm. aGEN aCDE